| 000 | 00575nam a2200181Ia 4500 | ||
|---|---|---|---|
| 999 |
_c34636 _d34636 |
||
| 003 | OSt | ||
| 005 | 20200916142900.0 | ||
| 008 | 190216s9999||||xx |||||||||||||| ||und|| | ||
| 020 | _a9788187134633 | ||
| 040 | _coclc | ||
| 082 |
_a621.3692 _bGAN/O |
||
| 100 |
_aGanguly, Amar K _94631 |
||
| 245 | 0 |
_aOptoelectronic Devices, Optical Fiber Communications & Fiber Optic Metrology / _cAmar K Ganguly |
|
| 260 |
_bBooks And Allied Pvt Ltd, _c2007. _aKolkata: |
||
| 300 | _a274p | ||
| 650 | _aPhysics | ||
| 942 |
_cBK _2ddc _h621.3692 _iGAN/O _k621.3692 _mGAN/O |
||